01496 a2200205 45000010006000000050017000060080041000230030015000640400040000790800072001192450057001910200022002482500012002702640033002823000024003155050788003391000024011277000020011518560119011711049720260407155438.0260407a2011 arg spa dAR-UNSa-BCEJYS aAR-UNSa-BCEJYSbspacAR-UNSa-BCEJYS a336.225xMétodo de tributación y administración de impuestos 10aProcedimiento tributariopLey 11.683, Decreto 618/97 a978-987-03-1959-7 a7a. ed. 1aBuenos Aires :bLa Leyc2011 acii, 886 p.c24 cm. a1. Disposiciones generales - 2. Sujetos de los deberes impositivos - 3. Determinación y percepción de impuestos - 4. Del pago - 5. Verificación y fiscalización - 6. Intereses, ilícitos y sanciones - 7. Responsables de las sanciones 8. De la prescripción - 9. Procedimiento penal y contencioso administrativo - 10. Procedimiento contencioso judicial - 11. Juicio de ejecución fiscal - 12. Disposiciones varias - 13. Régimen especial de fiscalización - 14. Cuenta de jerarquización - 15. Régimen de actualización - 16. Regímenes de promoción - 17. De la organización y competencia de los tribunales ficales y actuación ante ellos - 18. De las acciones y recursos - 19. De la sentencia del tribunal - 20.Disposiciones generales - 21. Otras disposiciones 1 aFolco, Carlos Maria1 aGómez, Teresa41uhttps://biblioeco.unsa.edu.ar/pmb/images/libros/Procedimiento tributario-118777.jpgyImagen de portadaqimage/jpeg